Survivor Contestants Season 17: Gabon - Statistics

General Stats
  • This quiz has been taken 118 times
  • The average score is 15 of 18
Answer Stats
Finish Contestant % Correct
Winner Bob Crowley
100%
3rd Jessica "Sugar" Kiper
100%
8th Randy Bailey
96%
5th Ken Hoang
94%
2nd Susie Smith
94%
4th Matty Whitmore
93%
6th Crystal Cox
92%
7th Corinne Kaplan
89%
10th Marcus Lehman
82%
9th Charlie Herschel
80%
12th Ace Gordon
79%
11th Dan Kay
75%
14th Danny "GC" Brown
75%
17th Gillian Larson
75%
18th Michelle Chase
73%
13th Kelly Czarnecki
62%
15th Jacquie Berg
59%
16th Paloma Soto-Castillo
55%
No matching quizzes found
Score Distribution
Percent of People with Each Score
Percentile by Number Answered
Your Score History
You have not taken this quiz